00707nam a2200181Ia 4500999001700000041001200017082001200029100006500041245008800106260006700194300001500261536004600276546001200322650002700334650002200361942001200383952013000395 c27301d27301 aEnglish aRP.0342 aPradhan, JalandharuNational Institute of TechnologyvOdisha 4aThe economic impact of malaria in the tribal regions of Odisha /cJalandhar Pradhan aNew Delhi :bIndian Council oF Social Science Research, c2014 axii, 90 p. aIndian Council of Social Science Research aEnglish aMalariaxIndiazOdisha aMedical economics cRP2ddc 00102ddc40718MIRPaNASSDOCbNASSDOCd2021-12-21eGifted by: RP Division ICSSRl0oRP.0342p51935r2022-01-28 00:00:00yRP